| 000 | 01232cam a22003011a 4500 | ||
|---|---|---|---|
| 001 | sa 68008073 | ||
| 003 | DLC | ||
| 005 | 20260227112528.0 | ||
| 008 | 880713s1967 ii c b 000 0 sano | ||
| 010 | _asa 68008073 | ||
| 035 | _a(OCoLC)18211027 | ||
| 040 |
_aDLC _cWaU _dDLC |
||
| 041 | 0 | _asanhin | |
| 042 | _apremarc | ||
| 050 | 0 | 0 |
_aPK541 _b.D85 |
| 100 | 1 |
_aDvivedi, Kapiladeva, _d1919- |
|
| 245 | 1 | 0 |
_aSaṃskṛta-vyākaraṇa / _cLekhaka Kapiladeva Dvivedī ācārya. |
| 250 | _a1. saṃskaraṇa | ||
| 260 |
_aVārāṇaśī : _bViśvavidyālaya Prakāśana, _c1967. |
||
| 300 |
_a44, 447 p. : _bport. ; _c23 cm. |
||
| 500 | _aBased on and including Varadarāja's Laghusiddhāntakaumudī, and a portion of Bhaṭṭojī-Dikṣita's Siddhāntakaumudī. The former work is based on the latter, which is in turn a commentary on Pāṇini's Aṣṭādyāyī. | ||
| 500 | _aIn Sanskrit: introductory matter, commentary and notes in Hindi. | ||
| 504 | _aIncludes bibliographical references. | ||
| 650 | 0 |
_aSanskrit language _xGrammar. |
|
| 700 | 0 |
_aVaradarāja, _dactive 17th century. _tLaghusiddhāntakaumudī. |
|
| 700 | 0 |
_aBhaṭṭojī Dīkṣita. _tSiddhāntakaumudī. |
|
| 700 | 0 |
_aPāṇini. _tAṣṭādhyāyī. |
|
| 999 |
_c82222 _d82222 |
||